Регионална библиотека "Любен Каравелов" - Русе

Английски наготово (Запис номер 112862)

MARC детайли
000 -Лидер
Контролно поле с фиксирана дължина 01523nam a2200349 c 4500
003 - Код на организацията, давaща контролен номер
Контролно поле BLK
005 - Дата и час на последна редакция
Контролно поле 20220128111234.0
008 - Елементи от данни с фиксирана дължина
fixed length control field 180409b bul|||||r ||||||| ||bul||
010 ## - Наследен системен номер
LC control number KNG00118243000
040 ## - Източник на каталожния запис
Идентификатор на билиотеката - собственик на записа BLK
041 ## - Код за език
Код за езика на текст/звукозапис или на отделно заглавие Английски
Код за езика КДБФ Английски
080 ## - УДК
Текстов определител УДК Английски език
УДК код - определител по УДК 811.111
УДК определител (076)
УДК - код + определител 811.111(076)
100 1# - Редна дума - Автор
Автор Енингер, Вернер
Авторска отговорност първи автор
R(LIN) 67311
139 ## - Редно поле
Редна дума Енингер, Вернер и др.
Авторски знак Ени - Е 65
245 10 - Сведения за заглавието
Заглавие Английски наготово
Подзаглавни данни Настолно помагало за бизнесмени, серетарки, кандидати за работа и следване в чужбина, учащи, науч. работници и всички с лични и служебни контакти на англ.
Редно поле (дума) Вернер Енингер; съавт. Елка Тодева.
246 11 - Различни форми на заглавието
Паралелно заглавие PEP Practising English Patterns
257 ## - Страна на издаване
Страна на създаване/издаване България
260 ## - Област на издателските данни
Име на издателя, разпространителя и проч. Летера
Година на издаване 1991
300 ## - Физическа характеристика
Страници 288 с.
Илюстрации и др. с ил.
Размери/Мащаб 26 см
380 ## - Жанр
Жанр Езикознание. Филология
500 ## - Общи забележки
Забележка 30 000 тир.
650 #4 - Допълнително описание по предмет – тема
Основно описание – тема или топоним Английски език - учебни помагала
9 (RLIN) 243996
653 ## - Ключова дума – ненормативна
Ключова дума английски език
653 ## - Ключова дума – ненормативна
Ключова дума учебни помагала
700 1# - Други автори (авторска отговорност)
Лично име Тодева, Елка
Автороска отговорност (Описва отношението между автора и произведението) съавт.
9 (RLIN) 312693
720 ## - Неконтролирано име
Паралелен автор Werner Enninger, Elka Todeva
Ключова дума за отношение (Описва отношението между автора и произведението) паралелен автор
852 ## - Местоположение
Форматна сигнатура Цб ІІ 7612
856 4# - Електронен адрес и достъп
Електронен формат pdf - файл
856 4# - Електронен адрес и достъп
Електронен формат pdf - файл
999 ## - СИСТЕМНИ КОНТРОЛНИ НОМЕРА
Koha biblionumber 112862
Koha biblioitemnumber 112862
942 ## - АРТИКУЛИ
Вид на библиотечния материал Книги
Скрит в OPAC Не
Периодичен библиозапис Да
944 ## - СЪЗДАВАНЕ И РЕДАКЦИЯ на ЗАПИСА
Създаване/Редакция Създаване
Дата на регистрацията/редакция 21.02.2007
Статус, дата на статуса ф /
Служител, извършил регистрацията/редакцията Людмила_Стоянова
944 ## - СЪЗДАВАНЕ И РЕДАКЦИЯ на ЗАПИСА
Създаване/Редакция Редакция
Дата на регистрацията/редакция 12.10.2012
Статус, дата на статуса ф /
999 ## - СИСТЕМНИ КОНТРОЛНИ НОМЕРА
Koha biblioitemnumber 112862
Наличности
Код за отписване Код за изгубен артикул Код за повреда Коз за рестрикции Код за отдаване Артикулен № Име на библиотеката - собственик Име на библиотеката, в която се намира в момента Статус (Текущо местоположение) Дата на вписване в системата Местоположение - отдел Цена в лева Инвентарен номер Систематично азбучна сигнатура Баркод Номер на екземпляра Цена в евро Служебна бележка Служебен тип на артикула Източник на класификационната схема
  Не е изгубен Не е повреден без рестрикции заемане за дома 180811 Регионална библиотека "Любен Каравелов" Русе Регионална библиотека "Любен Каравелов" Русе ЧЧЗО - англ. ез. - Британски съвет 1991-01-01 ЧЧЗО - англ. ез. - Британски съвет 0.00 614031 Ч3 802.0/Е 65 614031 1 0.00 Дост: Pk Вид: Ф N: стар фонд Дата: 01.01.1991 Дата инв: 17.03.2015 Бележки инв: Ч32015 Книги  
Изтеглен Не е изгубен Не е повреден без рестрикции заемане за дома 180812 Регионална библиотека "Любен Каравелов" Русе Регионална библиотека "Любен Каравелов" Русе ЧЧЗО - англ. ез. - Британски съвет 2012-08-29 ЧЧЗО - англ. ез. - Британски съвет 12.00 120000759584 Ч3 802.0/Е 65 120000759584 2 6.14 Дост: DA Вид: А N: 16 Дата: 28.08.2012 Дата инв: 17.03.2015 Бележки инв: Ч32015 Книги Universal Decimal Classification
  Не е изгубен Не е повреден без рестрикции ползва се в читалня 180813 Регионална библиотека "Любен Каравелов" Русе Регионална библиотека "Любен Каравелов" Русе Хранилище 1991-01-01 Хранилище 0.00 560325 Цб ІІ 7612 120000560325 3 0.00 Дост: Dp Вид: Д N: стар фонд Дата: 01.01.1991 Книги Universal Decimal Classification
Изтеглен Не е изгубен Не е повреден без рестрикции заемане за дома 180814 Регионална библиотека "Любен Каравелов" Русе Регионална библиотека "Любен Каравелов" Русе Заемна - подръчен фонд 1991-01-01 Заемна - подръчен фонд 35.00 563484 П 802.0/Е 65 563484 4 17.90 Дост: Pk Вид: Ф N: стар фонд Дата: 01.01.1991 Книги Universal Decimal Classification
Изтеглен Не е изгубен Не е повреден без рестрикции заемане за дома 180815 Регионална библиотека "Любен Каравелов" Русе Регионална библиотека "Любен Каравелов" Русе Заемна - подръчен фонд 1991-01-01 Заемна - подръчен фонд 35.00 563485 П 802.0/Е 65 563485 5 17.90 Дост: Pk Вид: Ф N: стар фонд Дата: 01.01.1991 Книги Universal Decimal Classification
Vip Innovations Ltd, Rousse, Bulgaria 2025